000 00414nam a2200169Ia 4500
008 230524s9999 xx 000 0 und d
020 _a8120327305
082 _a621.3821
_bDOU
100 _aEdward R. Dougherty
_96858
245 0 _aElectronic Imaging Technology
250 _a1ST
260 _aNEW DELHI
_bPHI
_c2005
300 _aXV;432
500 _aQuantity Number: 1
650 _aElectronics
942 _cBK
999 _c9940
_d9940